00977nam a2200229 i 450000100060000000300090000600500170001500700030003200800410003510000300007624502250010626000400033130000330037170000270040470000370043170000400046870000340050870000340054285200320057699900170060895201220062534052ES-MaACL20250630225025.0t|030204s1968 sp ||||1| spa d1 aBoekhoff, Hermann.92974210aHistoria de la cultura oriental / cbajo la dirección de Hermann Boekhoff y Fritz Winzer ; prólogo... Luis Pericot García ; [traducción por Luis Carroggió de Molina, Luis Correal Cubells, Michael Faber Kaiser]. aBarcelona, etc. : bLabor, c[1968] a571 p., 62 lám. ; c30 cm.1 aWinzer, Fritz.91171281 aPericot, Luis,d1899-19789912621 aCarroggió de Molina, Luis.9358371 aCorreal Cubells, Luis.9407640 aFaber-Kaiser, Michael.948510 aES-MaACLjC-35640 bR.68693 c34052d34052 00104070aATENEOMbATENEOMcDEPO2d2008-01-17eSCl0oC-35640p1035498r2023-02-23 00:00:00w2023-02-23yMONOGRAFIA